000 00854 a2200289 4500
001 107480
020 _a9780544456129
020 _a9781489865182
041 _apor
082 _aP Year 5 811
100 _aLewis, J. Patrick.
300 _a37 p.
697 _aMathematics - Juvenile poetry.
697 _aMathematics - Poetry.
697 _aAmerican poetry.
697 _aAmerican poetry - Adaptations.
697 _aEnglish poetry - Adaptations.
697 _aPicture books for children.
697 _aChildren's poetry, American.
697 _aMathematical recreations
856 _u000013/000013d7.jpg
040 _aBR-BrIDEA
_cBR-BrIDEA
090 _aP Year 5 811
_bLEW
245 1 0 _aEdgar Allan Poe's pie
_bmath puzzlers in classic poems
_c J. Patrick Lewis
260 _a[s.l.]
_bHoughton Mifflin Harcourt
_c2012
942 _cBK
999 _c107480
_d107480